01644nam a22002177a 450000500170000000700150001700800410003202000220007303500100009504000090010510000310011424501120014525600240025726000560028130000280033750006330036550602700099865000290126874000380129785600910133520240305165505.0cr|||| |||| 180407s2018 mx |||||s|||| 00||0 spa d a978-607-541-013-5 a21341 avLex1 aSánchez Miranda, Arnulfo10aAplicación práctica del ISR personas morales 2018h[Recurso electrónico] /cArnulfo Sánchez Miranda aServicio en línea aCiudad de México:bEdiciones Fiscales ISEF,c2018 a1 recurso electrónico aEn esta obra, APLICACION PRACTICA DEL ISR PERSONAS MORALES, se desarrolla de manera sencilla, a través de casos prácticos, temas esenciales que todo estudiante debe saber acerca de la LISR sustentada con el CFF, las reglas de carácter general y, en su caso con el derecho federal común; mostrando temas y elementos básicos., acompañadas de cuadros sinópticos, diagramas de flujo, ejemplos numéricos, fundamentos, comentarios, sugerencias. Los temas corresponden con el contenido de los diferentes temarios de las escuelas, facultades e instituciones que imparten asignaturas relacionadas con el área fiscal.1 aDisponible solo en los productos indicadosdvLex GlobaldvLex Global (Academic Edition, excluding Law Schools)dvLex Global (U.S. Academic Edition, Law Schools)dvLex Global (U.S. Academic Edition, excluding Law Schools)dvLex Global (Academic Edition, Law Schools)04aDerecho FiscalzMéxico0 avLex Libros (Servicio en línea)40uhttps://app.vlex.com/#/sources/aplicacion-practica-del-isr-personas-morales-2018-21341